Регионална библиотека "Любен Каравелов" - Русе

Завръщането при маймуните (Запис номер 52513)

MARC детайли
000 -Лидер
Контролно поле с фиксирана дължина 01405nam a2200313 c 4500
003 - Код на организацията, давaща контролен номер
Контролно поле BLK
005 - Дата и час на последна редакция
Контролно поле 20230128115933.0
008 - Елементи от данни с фиксирана дължина
fixed length control field 180408b bul|||||r ||||||| ||bul||
010 ## - Наследен системен номер
LC control number KNG00056437000
020 ## - Международен стандартен номер на книга ISBN
Международен стандартен номер на книга ISBN 954-9415-11-2
-- издат.: Водолей - на том(ч. 3)
040 ## - Източник на каталожния запис
Идентификатор на билиотеката - собственик на записа BLK
041 ## - Код за език
Код за езика на текст/звукозапис или на отделно заглавие Български
Код за езика КДБФ Български
080 ## - УДК
Текстов определител УДК Българска литература
УДК код - определител по УДК 821.163.2
УДК определител -311.6
УДК - код + определител 821.163.2-311.6
100 1# - Редна дума - Автор
Автор Христозов, Петър
Авторска отговорност първи автор
R(LIN) 251078
139 ## - Редно поле
Редна дума Христозов, Петър
Авторски знак Христод - Х 82
245 10 - Сведения за заглавието
Заглавие Завръщането при маймуните
Подзаглавни данни Роман : Ч. 1 - За том: Полит. роман
Редно поле (дума) Петър Христозов; * Христо Димитров Вълчев.
Том Ч. 3
Заглавие на том Сивият кардинал
257 ## - Страна на издаване
Страна на създаване/издаване България
260 ## - Област на издателските данни
-- София
Име на издателя, разпространителя и проч. Световит
Година на издаване 2004 -
Печатница За том: София : Викс 62
300 ## - Физическа характеристика
Размери/Мащаб 20 см
380 ## - Жанр
Жанр Худож. лит.
500 ## - Общи забележки
Забележка Петър Христозов - псевд. на Христо Вълчев. - Офс. изд.
700 1# - Други автори (авторска отговорност)
Лично име Вълчев, Христо Димитров
Автороска отговорност (Описва отношението между автора и произведението) *
9 (RLIN) 366782
760 1# - Описание на основната серия
-- - на том(ч. 3)
Редна дума на основното описание Христозов, Петър
Място на издаване, издател и година София, Водолей, 2005
Страници - том 205 с.
Заглавие Ч. 3 Сивият кардинал
852 ## - Местоположение
Форматна сигнатура Цб 218465
856 4# - Електронен адрес и достъп
Електронен формат pdf - файл
Път до файла /url/
856 4# - Електронен адрес и достъп
Електронен формат pdf - файл
Път до файла /url/
942 ## - АРТИКУЛИ
Вид на библиотечния материал Книги
Скрит в OPAC Не
Koha issues (borrowed), all copies 6
944 ## - СЪЗДАВАНЕ И РЕДАКЦИЯ на ЗАПИСА
Създаване/Редакция Създаване
Дата на регистрацията/редакция 08.11.2005
Служител, извършил регистрацията/редакцията Валя_Йорданова
944 ## - СЪЗДАВАНЕ И РЕДАКЦИЯ на ЗАПИСА
Създаване/Редакция Редакция
Дата на регистрацията/редакция 11.01.2008
Служител, извършил регистрацията/редакцията
999 ## - СИСТЕМНИ КОНТРОЛНИ НОМЕРА
Koha biblionumber 52513
Koha biblioitemnumber 52513
Наличности
Код за отписване Код за изгубен артикул Източник на класификационната схема Код за повреда Коз за рестрикции Код за отдаване Артикулен № Име на библиотеката - собственик Име на библиотеката, в която се намира в момента Статус (Текущо местоположение) Дата на вписване в системата Местоположение - отдел Цена в лева Инвентарен номер Систематично азбучна сигнатура Баркод Номер на екземпляра Цена в евро Служебна бележка Служебен тип на артикула
Изтеглен Не е изгубен Universal Decimal Classification Не е повреден без рестрикции заемане за дома 82728 Регионална библиотека "Любен Каравелов" Русе Регионална библиотека "Любен Каравелов" Русе Заемна - подръчен фонд 2005-11-08 Заемна - подръчен фонд 6.00 120000697936 П 886.7-31/Х 82 120000697936 1 3.07 Дост: Pk Вид: Ф N: 14 Дата: 07.11.2005 Дата инв: 09.02.2018 Бележки инв: П2018 Книги
  Не е изгубен   Не е повреден без рестрикции ползва се в читалня 82729 Регионална библиотека "Любен Каравелов" Русе Регионална библиотека "Любен Каравелов" Русе Хранилище 2007-02-27 Хранилище 6.00 120000710364 Цб 218465 120000710364 2 3.07 Дост: Dp Вид: Д N: 21 Дата: 03.05.2006 Книги
Vip Innovations Ltd, Rousse, Bulgaria 2025